Т. 48, вып. 1-5; Известия Сибирского Технологического Института [Известия СТИ]

التفاصيل البيبلوغرافية
Parent link:Известия Сибирского Технологического Института [Известия СТИ]/ Сибирский технологический институт (СТИ). Т. 48, вып. 1-5.— , 1927-1930
الملخص:Раздельная пагинация страниц
اللغة:الروسية
منشور في: Типо-литография Томской железной дороги, 1928
الموضوعات:
التنسيق: MixedMaterials كتاب
KOHA link:https://koha.lib.tpu.ru/cgi-bin/koha/opac-detail.pl?biblionumber=181637

MARC

LEADER 00000nam2a2200000 4500
001 181637
005 20231101223632.0
035 |a (RuTPU)RU\TPU\book\196902 
035 |a RU\TPU\book\196882 
090 |a 181637 
100 |a 20100609d1928 k y0rusy50 ca 
101 0 |a rus 
102 |a RU 
105 |a ab z 000zy 
200 0 |a Т. 48, вып. 1-5 
210 |c Типо-литография Томской железной дороги  |d 1928 
215 |a [2], 35, 23, [2], 70, 67, 107 с.  |c черт., табл., граф., рис., диагр., карт. 
300 |a Раздельная пагинация страниц 
461 1 |0 (RuTPU)RU\TPU\book\196876  |t Известия Сибирского Технологического Института [Известия СТИ]  |f Сибирский технологический институт (СТИ)  |v Т. 48, вып. 1-5  |d 1927-1930 
601 0 2 |a Сибирский технологический институт (СТИ)  |c (Томск)  |c (1923-1930)  |2 stltpush  |3 (RuTPU)RU\TPU\col\5002 
606 1 |a Деформация  |2 stltpush  |3 (RuTPU)RU\TPU\subj\9389  |9 36648 
606 1 |a Стержневые механизиы  |2 stltpush  |3 (RuTPU)RU\TPU\subj\57007  |9 74881 
606 1 |a Химический анализ  |x Контроль качества  |2 stltpush  |3 (RuTPU)RU\TPU\subj\74402  |9 86700 
610 1 |a органические соединения 
610 1 |a мезостроение 
610 1 |a железо 
610 1 |a пластическая деформация 
610 1 |a рекристаллизация 
610 1 |a холодильные машины 
610 1 |a регенеративный процесс 
610 1 |a каменная соль 
610 1 |a месторождения 
610 1 |a Иркутская губерния 
610 1 |a двигатели 
610 1 |a кривошипы 
610 1 |a металлические резервуары 
610 1 |a расчет 
610 1 |a вода 
610 1 |a подогревание 
610 1 |a аппараты 
610 1 |a цилиндрические котлы 
610 1 |a жидкость 
610 1 |a объем 
610 1 |a железобетонные стержни 
610 1 |a скалывающие силы 
610 1 |a алкогольные напитки 
610 1 |a сахарная промышленность 
610 1 |a сахарная свекла 
610 1 |a переработка 
610 1 |a дрожжевое производство 
610 1 |a солодовые ростки 
610 1 |a труды учёных ТПУ 
610 1 |a коллекция ТПУ 
675 |a 539.3  |v 3 
675 |a 621.01:539.3  |v 3 
675 |a 543.08  |v 3 
801 1 |a RU  |b 63413507  |c 20090209  |g PSBO 
801 2 |a RU  |b 63413507  |c 20190620  |g PSBO 
942 |c BK